Polyfunkčný súbor "Popradská" I. Etapa

Guardado en:
Detalles Bibliográficos
Autor principal: Golská, Jana (Autor)
Otros Autores: Petro, Marek (Orientador)
Formato: Manuscrito Libro
Lenguaje:eslovaco
Publicado: 2023
Materias:
Acceso en línea:http://is.stuba.sk/zp/portal_zp.pl?podrobnosti=172467
https://opac.crzp.sk/?fn=detailBiblioForm&sid=A5BC586C45F519526EEC2FAF963A
Etiquetas: Agregar Etiqueta
Sin Etiquetas, Sea el primero en etiquetar este registro!

MARC

LEADER 00000ntm a22000003a 4500
001 stuzp94181
003 SK-STU
005 20230918152820.1
007 ta
008 150427s2015----xo-----f-mn---000-0-slo-d
040 |a STU  |b slo 
041 0 |a slo 
100 1 |a Golská, Jana  |u 010270  |4 aut  |U SvF Stavebná fakulta  |T SvF Katedra technológie stavieb  |X 93095  |U V270  |Y 28  |7 93095 
242 0 1 |a Polyfunctional set "Popradská" I. Etapa  |y eng 
245 1 0 |a Polyfunkčný súbor "Popradská" I. Etapa 
260 |c 2023 
650 4 |a projekt zariadenia staveniska  |2 slo 
650 4 |a realizácia anhydritovýh poterov  |2 slo 
650 4 |a časový plán výstavby  |2 slo 
650 4 |a site equipment project  |2 eng 
650 4 |a realization of anhydrite screed  |2 eng 
650 4 |a construction schedule  |2 eng 
700 1 |a Petro, Marek  |u 010270  |k Z8  |4 ths  |U SvF Stavebná fakulta  |T SvF Katedra technológie stavieb  |X 18958  |U V270  |Y 28  |7 A000018958 
856 4 |u http://is.stuba.sk/zp/portal_zp.pl?podrobnosti=172467 
856 4 |u https://opac.crzp.sk/?fn=detailBiblioForm&sid=A5BC586C45F519526EEC2FAF963A